000 00282nam a2200121 i 4500
001 bg
245 0 _aModern Physical Techniques in Materiales Technology.
260 _aOxford,
_c1974.
040 _cBPK
041 _apol
942 _cKS
008 s pl f |000 0 pol
999 _c16198
_d16198
856 _uhttp://koha.tu.koszalin.pl/cgi-bin/koha/opac-detail.pl?biblionumber=16198
_yKatalog online BPK